Responses for Show #3286 - Monday, December 14, 1998

Contestants

[<< previous game]

Kristi Yacich, an artist and designer from New Orleans, Louisiana

Patrick McElroy, a bartender from Spokane, Washington

Linda Bird, a law student from Ann Arbor, Michigan (whose 2-day cash winnings total $25,200)

[next game >>]

Jeopardy! Round responses

LADLE, LADLE
MADE OF CLAY
20th CENTURY AMERICA
SPORTS LEGENDS
FOREIGN ANATOMY
PHUN WITH PHONICS
(Alex: And we want to wish a lot of our viewers Happy Hanukkah! Hanukkah starts today.)
    $100 26
Alphabet soup

Kristi
    $100 21
Tennis

Kristi
    $100 12
Chicago Cubs

Patrick
    $100 3
Shaquille O'Neal

Linda
    $100 1
Leg

Kristi
    $100 7
Lips

Linda
    $200 27
Tortillas

Kristi
    $200 22
(Alex: A minute to go.)

cement

Patrick
    $200 17
Patricia Hearst

Linda
    $200 13
[A New York Yankees, No. 7 jersey was shown.]

Mickey Mantle

Patrick
    $200 2
(Linda: What is a beard?)
...
(Alex: Not necessarily a beard.)

hair

LindaPatrick
    $200 8
R

Kristi
    $300 28
[The end-of-round signal sounds.]

cheese

Linda
    $300 23
Clay pigeon

Linda
    $300 18
(Patrick: Who is Lincoln?)

Thomas Jefferson

Patrick
Triple Stumper
    $300 14
Joe Montana

Patrick
    $300 4
Elbow grease

Kristi
    $300 9
Palate

Kristi
    $400 24
(Kristi: Oh, blank!)

Nebuchadnezzar

Kristi
Triple Stumper
    $600 19
Strom Thurmond

Linda
    $400 15
(Linda: Who is Dick Button?)

Kurt Browning or Elvis Stojko

LindaPatrick
    $400 5
(Patrick: What is his neck?)

stomach

LindaPatrick
    $400 10
Monotone

Linda
    $500 25
Wallace & Gromit

Patrick
    $500 20
Enterprise

Triple Stumper
    $500 16
Mary Decker Slaney

Patrick
    $500 6
(Linda: What is an earring?)

ear

LindaKristi
    $500 11
Sibilant

Linda

Scores at the first commercial break (after clue 13):

Linda Patrick Kristi
$800 $100 $1,400

Scores at the end of the Jeopardy! Round:

Linda Patrick Kristi
$1,800 $1,700 $1,400

Double Jeopardy! Round responses

WORLD CAPITALS
SHE WAS IN THAT?
EVERYTHING!
OPERA
AUTHORS' RHYME TIME
PHUN WITH PHOENICIANS
    $200 3
Bern

Kristi
    $200 15
Melanie Griffith

Linda
    $200 20
Kaboodle

Patrick
    $200 1
(Linda: What is Macbeth?)

Hamlet

LindaKristi
    $200 8
Steel's meals

Linda
    $400 4
Copenhagen

Linda
    $400 16
Hook

Linda
    $400 21
Kitchen sink

Kristi
    $400 2
Giuseppe Verdi

Linda
    $400 9
Dunne's buns

Linda
    $600 5
Kuala Lumpur

Kristi
    $600 17
Pretty Woman

Patrick
    $600 22
Hook, line & sinker

Triple Stumper
    $1,000 13
(Kristi: Who are Romeo and Juliet?)

Tristan and Isolde

Kristi
    $600 10
Jack's sacks

Kristi
    $600 26
(Linda: What is the winter solstice?)
(Patrick: What is winter?)
...
[The end-of-round signal sounds.]

the new year

LindaPatrick
Triple Stumper
    $800 6
(Kristi: What is La Paz?)

Sucre

PatrickKristi
    $800 18
Laura Dern

Patrick
    $800 23
(Alex: Minute to go.)

unabridged

Linda
    $800 14
Maurice Ravel

Linda
    $800 11
Roth's moths

Kristi
    $1,500 7
(Patrick: What is Oslo?)
(Alex: Ooh, missed it by one country down!)

Stockholm, Sweden

Patrick
    $1000 19
The Swimmer

Linda
    $1000 24
Nine yards

Kristi
    $1000 25
Madama Butterfly

Triple Stumper
    $1000 12
Flannery's canneries

Kristi

Scores at the end of the Double Jeopardy! Round:

Linda Patrick Kristi
$5,600 $2,000 $4,400

[wagering suggestions for these scores]

Final Jeopardy! Round responses

TV & LITERATURE
(Alex: The subtitle of that famous work was Modern Prometheus.)
PatrickWhat is Frankenstein?
$1,200
KristiWhat is Frankenstein
$1,300
LindaWhat is Ulysses?
$3,201
Frankenstein

Final scores:

Linda Patrick Kristi
$2,399 $3,200 $5,700
3rd place: Samsung His & Hers Evoca Cameras 2nd place: Panasonic 32-inch Super Flat Color TV & Broyhill Home Theater Armoire New champion: $5,700

Game dynamics:

Coryat scores:

Linda Patrick Kristi
$5,400 $3,500 $5,400
18 R
(including 1 DD),
5 W
12 R,
4 W
(including 1 DD)
16 R,
3 W
(including 1 DD)

Combined Coryat: $14,300

[game clues] [game scores] [suggest correction]

Game tape date: 1998-10-14
The J! Archive is created by fans, for fans. Scraping, republication, monetization, and malicious use prohibited; this site may use cookies and collect identifying information. See terms. The Jeopardy! game show and all elements thereof, including but not limited to copyright and trademark thereto, are the property of Jeopardy Productions, Inc. and are protected under law. This website is not affiliated with, sponsored by, or operated by Jeopardy Productions, Inc. Join the discussion at JBoard.tv.